000 00723cab a2200277 4500
001 E2010
008 090401t1994 xxu||||| |||| 00| 0 eng d
035 _a(Sirsi) u36945
041 _aeng
100 _aSpence, M.J.
245 _aLeisure property
260 _c1994
350 _a0
490 _aProperty Law
_v(7) January 1994 3-5(3)
520 _aCovers all aspects of the purchase of leisure property in Scotland.
650 _aLEISURE PROPERTY
650 _aLICENCES
650 _aLIMITATION ON CLIAMS
650 _aMISSIVES
650 _aMOVEABLES
650 _aRESTRICTIVE COVENANTS
650 _aTURNOVER WARRANTIES
690 _aPROPERTY LAW AND PRACTICE
942 _n0
948 _c04/03/1997
999 _c23908
_d23908